Statistics for Capital City of which Country? (South America Edition)

Click here to take the quiz!

General Stats

  • This quiz has been taken 211 times
  • The average score is 11 of 12

Answer Stats

HintAnswer% Correct
Buenos AiresArgentina
98%
BrasiliaBrazil
98%
LimaPeru
97%
SantiagoChile
91%
CaracasVenezuela
91%
La Paz/SucreBolivia
88%
BogotaColombia
88%
AsuncionParaguay
88%
MontevideoUruguay
88%
QuitoEcuador
83%
GeorgetownGuyana
82%
ParamariboSuriname
80%

Score Distribution

Percentile by Number Answered

Percent of People with Each Score

Your Score History

You have not taken this quiz